00000000nam 2200000zi 4500
0019.932723
003CaOODSP
00520250306115103
006m     o  d f      
007cr mn|||||||||
008240119t20032003onca    ob   f000 0 eng d
020 |a0660190850 |q(print)
040 |aCaOODSP|beng|erda|cCaOODSP
043 |an-cn---
0861 |aNH15-412/2003E-PDF|zNH15-412/2003E
24500|aRenovating distinctive homes : |bthe century home / |cprepared by Canada Mortgage and Housing Corporation.
264 1|a[Ottawa] : |bCMHC = SCHL, |c[2003]
264 4|c©2003
300 |a1 online resource (ii, 121 pages) : |billustrations
336 |atext|btxt|2rdacontent
337 |acomputer|bc|2rdamedia
338 |aonline resource|bcr|2rdacarrier
500 |aIssued also in French under title: La maison réinventée : la maison centenaire.
500 |aDigitized edition from print [produced by Canada Mortgage and Housing Corporation].
504 |aIncludes bibliographical references.
520 |a"This is a new kind of renovation book. It focuses specifically on the century-old two storey house. It combines space planning and design tips as well as technical information. All examples are based on house style. This book is designed to provide you, the homeowner, with the basic information you need to plan and carry out successful renovation. It provides information on technical requirements, it give you insight on what to ask your contractor, information on specific renovation problems you are likely to encounter with this type of house and information on new trends in housing ... features you may want to incorporate into your plans. ..."--Introduction, page 1.
650 0|aDwellings|xRemodeling|zCanada.
650 0|aHistoric buildings|xRemodeling|zCanada.
7102 |aCanada Mortgage and Housing Corporation, |eissuing body.
77508|tLa maison réinventée : |w(CaOODSP)9.932726
7760#|tRenovating distinctive homes : |w(CaOODSP)9.648971
85640|qPDF|s4.74 MB|uhttps://publications.gc.ca/collections/collection_2024/schl-cmhc/NH15-412-2003-eng.pdf